Statistics for 東京ベイシティ交通のバス停

Click here to take the quiz!

General Stats

  • This quiz has been taken 17 times
  • The average score is 124 of 425

Answer Stats

GroupAnswer% Correct
10高洲線 | 11シンボルロード線 | 14弁天・富岡線 | +13 others新浦安駅
83%
1北栄線浦安駅
83%
12舞浜リゾート線 | 14弁天・富岡線 | 20千鳥線 | +9 others舞浜駅
75%
37大三角線南行徳駅
58%
11シンボルロード線 | 16日の出線 | 17日の出線 | +4 others明海大学前
58%
20千鳥線 | 22若潮通り線千鳥車庫
50%
16日の出線 | 17日の出線日の出七丁目
50%
15潮音の街線高洲
50%
4富岡線 | 8富岡S線東京ディズニーランド
50%
11シンボルロード線 | 23浦安東団地線 | 25舞浜・高洲線 | 3浦安東団地線総合公園
50%
12舞浜リゾート線 | 8富岡S線東京ディズニーシー
50%
10高洲線 | 11シンボルロード線 | 16日の出線 | +6 others入船中央エステート
42%
12舞浜リゾート線 | 4富岡線 | 5堀江線 | +2 others堀江三丁目
42%
23浦安東団地線 | 3浦安東団地線明海五丁目
42%
26弁天・市役所線 | 6市役所線市役所前
42%
15潮音の街線 | 18明海・高洲線 | 25舞浜・高洲線 | 28海園の街線潮音の街
42%
14弁天・富岡線 | 22若潮通り線 | 23浦安東団地線 | +3 others新浦安駅北口
42%
17日の出線日の出六丁目
33%
23浦安東団地線 | 3浦安東団地線望海の街
33%
37大三角線 | 5堀江線 | 9舞浜線堀江六丁目
33%
11シンボルロード線 | 16日の出線 | 18明海・高洲線 | +4 others海風の街
33%
12舞浜リゾート線 | 22若潮通り線 | 23浦安東団地線 | +3 othersサンコーポ西口
33%
12舞浜リゾート線 | 14弁天・富岡線 | 22若潮通り線 | +5 othersサンコーポ東口
33%
37大三角線 | 5堀江線堀江一丁目
33%
17日の出線日の出小学校
33%
11シンボルロード線 | 18明海・高洲線 | 26弁天・市役所線 | +3 others猫実
33%
20千鳥線千鳥西
33%
17日の出線東京電力
33%
10高洲線 | 19高洲南線 | 25舞浜・高洲線高洲四丁目
33%
11シンボルロード線 | 25舞浜・高洲線ベイモール
33%
10高洲線 | 19高洲南線 | 25舞浜・高洲線高洲三丁目
33%
11シンボルロード線 | 18明海・高洲線 | 1北栄線 | +4 others消防本部前
33%
1北栄線浦安駅東口
33%
16日の出線 | 17日の出線日の出中学校
33%
16日の出線 | 17日の出線ベイシティ浦安
33%
10高洲線 | 19高洲南線高洲二丁目
33%
25舞浜・高洲線 | 28海園の街線明海四丁目
33%
20千鳥線クリーンセンター
25%
12舞浜リゾート線 | 4富岡線 | 5堀江線 | 8富岡S線日生研修センター
25%
12舞浜リゾート線 | 4富岡線 | 8富岡S線市役所入口郵便局前
25%
12舞浜リゾート線 | 4富岡線 | 8富岡S線堀江東
25%
20千鳥線 | 22若潮通り線千鳥北
25%
24富士見循環線 | 26弁天・市役所線 | 5堀江線 | 6市役所線東海大浦安高校前
25%
1北栄線入船六丁目
25%
19高洲南線高洲八丁目
25%
18明海・高洲線高洲橋
25%
17日の出線日の出東
25%
26弁天・市役所線 | 6市役所線東海大浦安高校入口
25%
24富士見循環線 | 6市役所線弁天橋
25%
14弁天・富岡線 | 26弁天・市役所線 | 6市役所線見明川
25%
1北栄線入船東団地
25%
16日の出線 | 17日の出線日の出西
25%
16日の出線 | 17日の出線日航浦安
25%
1北栄線北栄四丁目
25%
20千鳥線 | 22若潮通り線車庫裏
25%
15潮音の街線 | 18明海・高洲線 | 19高洲南線 | +2 others高洲海浜公園
25%
12舞浜リゾート線 | 4富岡線 | 5堀江線 | +2 othersフラワー通り
25%
12舞浜リゾート線 | 22若潮通り線 | 23浦安東団地線 | +4 others順天堂病院前
25%
37大三角線北部小入口
25%
1北栄線東京ベイ医療センター入口
25%
1北栄線東京ベイ医療センター
25%
37大三角線やなぎ公園
25%
11シンボルロード線 | 25舞浜・高洲線ベイパーク
25%
1北栄線北栄二丁目
25%
1北栄線北部幼稚園入口
25%
11シンボルロード線 | 12舞浜リゾート線 | 18明海・高洲線 | +8 others浦安駅入口
25%
1北栄線入船五丁目
25%
11シンボルロード線 | 18明海・高洲線 | 2今川線 | 3浦安東団地線海楽
25%
11シンボルロード線 | 18明海・高洲線 | 2今川線 | 3浦安東団地線美浜東団地
25%
14弁天・富岡線 | 22若潮通り線 | 23浦安東団地線 | +3 others若潮公園
25%
14弁天・富岡線 | 24富士見循環線中央公園
25%
12舞浜リゾート線 | 22若潮通り線 | 23浦安東団地線 | +4 others弁天第二
25%
1北栄線北栄三丁目
25%
12舞浜リゾート線 | 22若潮通り線 | 23浦安東団地線 | +4 others見明川中学校前
25%
12舞浜リゾート線 | 22若潮通り線 | 23浦安東団地線 | +4 others見明川住宅
25%
12舞浜リゾート線 | 14弁天・富岡線 | 22若潮通り線 | +6 others舞浜三丁目
25%
12舞浜リゾート線 | 14弁天・富岡線 | 20千鳥線 | +7 others運動公園
25%
14弁天・富岡線 | 20千鳥線 | 23浦安東団地線 | +5 othersオリエンタルランド本社前
25%
25舞浜・高洲線 | 28海園の街線海園の街
25%
11シンボルロード線新浦安温泉
25%
18明海・高洲線 | 23浦安東団地線 | 3浦安東団地線夢海の街
25%
23浦安東団地線 | 3浦安東団地線明海六丁目
25%
25舞浜・高洲線高洲七丁目
25%
11シンボルロード線 | 28海園の街線日の出公民館
25%
11シンボルロード線日の出南
25%
1北栄線北栄一丁目
25%
12舞浜リゾート線 | 4富岡線 | 5堀江線 | 8富岡S線NTT浦安前
25%
15潮音の街線 | 18明海・高洲線高洲中央公園
17%
1北栄線美浜北小学校
17%
15潮音の街線高洲北小学校
17%
14弁天・富岡線 | 26弁天・市役所線弁天西児童公園入口
17%
1北栄線砂田橋
17%
16日の出線日の出南小学校
17%
1北栄線浦安警察署前
17%
17日の出線アールフォーラム
17%
20千鳥線浦安斎場
17%
12舞浜リゾート線東京ベイ舞浜ホテル
17%
20千鳥線 | 22若潮通り線千鳥東
17%
24富士見循環線堀江橋
17%
24富士見循環線見明川歩道橋
17%
25舞浜・高洲線 | 28海園の街線潮音の街北
17%
37大三角線南行徳三丁目
17%
37大三角線猫実川
17%
38明海クオン線明海小学校
17%
14弁天・富岡線 | 26弁天・市役所線見明川小学校
17%
10高洲線 | 15潮音の街線 | 19高洲南線入船橋
17%
37大三角線 | 5堀江線豊受神社
17%
10高洲線 | 15潮音の街線 | 19高洲南線明海交差点
17%
37大三角線 | 5堀江線 | 9舞浜線清滝弁財天
17%
12舞浜リゾート線 | 4富岡線 | 5堀江線 | +2 others南小入口
17%
37大三角線 | 5堀江線 | 9舞浜線堀江中学校前
17%
5堀江線東野中央
17%
1北栄線海楽東児童公園
17%
11シンボルロード線 | 23浦安東団地線 | 25舞浜・高洲線 | 3浦安東団地線ベイサイドホテルエリア
17%
23浦安東団地線 | 3浦安東団地線了徳寺大学
17%
26弁天・市役所線 | 6市役所線東野プール
17%
24富士見循環線 | 6市役所線東野三丁目
17%
23浦安東団地線 | 3浦安東団地線明海南小学校
17%
6市役所線弁天四丁目
17%
24富士見循環線 | 37大三角線 | 9舞浜線富士見三丁目
17%
24富士見循環線 | 37大三角線 | 9舞浜線富士見五丁目
17%
1北栄線美浜中学校
17%
26弁天・市役所線 | 37大三角線 | 9舞浜線京成ローズタウン
17%
1北栄線浦安高校前
17%
1北栄線北栄第二街区公園
17%
10高洲線 | 19高洲南線 | 25舞浜・高洲線高洲西児童公園
17%
10高洲線鉄鋼団地入口
17%
10高洲線アライプロバンス
17%
10高洲線みなと第二
17%
1北栄線北栄大三角線
17%
1北栄線北栄中央
17%
1北栄線当代島
17%
1北栄線海楽西児童公園
17%
1北栄線北栄北
17%
11シンボルロード線 | 18明海・高洲線 | 26弁天・市役所線 | +4 others神明裏
17%
10高洲線みなと南
17%
25舞浜・高洲線順天堂大学浦安キャンパス
8%
25舞浜・高洲線今川消防署
8%
23浦安東団地線 | 3浦安東団地線三井ガーデンホテル
8%
26弁天・市役所線舞浜小学校
8%
26弁天・市役所線見明川中央歩道橋
8%
12舞浜リゾート線ヒルトンホテル・グランドニッコー
8%
5堀江線第四街区公園入口
8%
20千鳥線千鳥中央
8%
19高洲南線浦安南高校特養ホーム
8%
14弁天・富岡線 | 26弁天・市役所線弁天南
8%
12舞浜リゾート線シェラトンホテルホテルオークラ
8%
14弁天・富岡線 | 26弁天・市役所線弁天中央
8%
11シンボルロード線 | 25舞浜・高洲線シンボルロードパークシティ
8%
14弁天・富岡線 | 24富士見循環線富岡第一児童公園
8%
14弁天・富岡線 | 24富士見循環線富岡第三児童公園
8%
38明海クオン線クオン新浦安
8%
10高洲線 | 19高洲南線順天堂大学入口
8%
10高洲線 | 15潮音の街線 | 19高洲南線東京学館前
8%
17日の出線日の出保育園入口
8%
26弁天・市役所線 | 6市役所線東野一丁目
8%
26弁天・市役所線 | 6市役所線商工会議所
8%
5堀江線東野保育園
8%
5堀江線東野二丁目
8%
14弁天・富岡線 | 26弁天・市役所線ふれあいの森公園
8%
14弁天・富岡線順天堂大学前
0%
26弁天・市役所線舞浜第二児童公園
0%
14弁天・富岡線 | 26弁天・市役所線弁天保育園入口
0%
26弁天・市役所線大三角公園
0%

Score Distribution

Percentile by Number Answered

Percent of People with Each Score

Your Score History

You have not taken this quiz